The adventures of Mole : (Record no. 7994)

MARC details
000 -LEADER
fixed length control field 01201nam a22002537a 4500
001 - CONTROL NUMBER
control field 7994
003 - CONTROL NUMBER IDENTIFIER
control field FISKH
005 - DATE AND TIME OF LATEST TRANSACTION
control field 20250818104509.0
008 - FIXED-LENGTH DATA ELEMENTS--GENERAL INFORMATION
fixed length control field 250818b cb ||||| |||| 00| 0 eng d
020 ## - INTERNATIONAL STANDARD BOOK NUMBER
International Standard Book Number 9780099204718
040 ## - CATALOGING SOURCE
Original cataloging agency FISKH
Language of cataloging eng
Transcribing agency FISKH
Modifying agency FISKH
082 ## - DEWEY DECIMAL CLASSIFICATION NUMBER
Classification number 823.914
100 ## - MAIN ENTRY--PERSONAL NAME
Personal name Dann, Colin
245 ## - TITLE STATEMENT
Title The adventures of Mole :
Remainder of title The animals of farthing wood /
Statement of responsibility, etc. Colin Dann
260 ## - PUBLICATION, DISTRIBUTION, ETC.
Place of publication, distribution, etc. London :
Name of publisher, distributor, etc. Red Fox,
Date of publication, distribution, etc. 1992.
300 ## - PHYSICAL DESCRIPTION
Extent 28 unnumbered pages :
Other physical details color illustrations ;
Dimensions 16 cm
500 ## - GENERAL NOTE
General note
505 ## - FORMATTED CONTENTS NOTE
Formatted contents note K<br/>
520 ## - SUMMARY, ETC.
Summary, etc. Mole grows tired of spring cleaning and decides to leave his underground home to explore the outside world. For the first time, he sees the river and meets Rat, who teaches him about boating and the joys of river life. Together, they become close friends and go on adventures, sometimes visiting Toad, who is reckless and obsessed with new fads, like motorcars, and Badger, who is wise and reclusive. Mole learns about bravery, friendship, and responsibility as he helps his friends rescue Toad from trouble and reclaim Toad Hall.
521 8# - TARGET AUDIENCE NOTE
Target audience note 510<br/>
Source Lexile estimate<br/>
521 8# - TARGET AUDIENCE NOTE
Target audience note K<br/>
Source Raz-Plus<br/>
942 ## - ADDED ENTRY ELEMENTS (KOHA)
Source of classification or shelving scheme Dewey Decimal Classification
Koha item type Books
Suppress in OPAC No
Holdings
Withdrawn status Lost status Source of classification or shelving scheme Damaged status Not for loan Collection Home library Current library Shelving location Date acquired Total Checkouts Full call number Barcode Date last seen Copy number Price effective from Koha item type
    Dewey Decimal Classification     Juvenile Fiction Footprints International School Library Network Toul Kork Campus Footprints International School Library Network Toul Kork Campus TK Primary Library Room(4th Floor), Bookcase 3&4, Shelves 17-32, Yellow Books 08/18/2025   DAN 823.914 PZ7 FISTK03969 08/18/2025 1 08/18/2025 Books